000 00728cab a2200241 4500
001 WB3124-34
008 090401t1995 xxu||||| |||| 00| 0 eng d
035 _a(Sirsi) u9424
041 _aeng
245 _aInvesting in cinemas
260 _c1995
350 _a0
490 _aObserver
_v18 June 1995, Business 2(1)
520 _aCine-UK, confident that more people can be tempted to go to the cinema, intends to buy five sites for multiplex development. Graph of cinema attendance.
650 _aCINEMA ATTENDANCE
650 _aCINEMAS
650 _aLEISURE DEVELOPMENT
650 _aMULTIPLEXES
690 _aPROPERTY-COMMERCIAL PROPERTY
690 _aLEISURE AND RECREATION
942 _n0
948 _c04/03/1997
999 _c5883
_d5883